Islands That Start with S - Statistics

General Stats
  • This quiz has been taken 52 times
  • The average score is 14 of 20
Answer Stats
Hint Island % Correct
Island group in Polynesia, divided between American ____ and the independent state of ____ (formerly Western ____) Samoa
96%
Largest Italian island, home to Mount Etna Sicily
96%
Caribbean island country; only country to be named after a real woman {Saint} {Lucia}
91%
The other main island of this African country is Príncipe {São} {Tomé}
91%
Island country in the Indian Ocean; the 'Teardrop of India' {Sri} {Lanka}
91%
Island country in Southeast Asia, off the tip of the Malayan Peninsula Singapore
87%
Main island of the Caribbean country that also comprises some of the Grenadines {Saint} {Vincent}
85%
Second-largest island of Italy Sardinia
85%
British overseas territory in the South Atlantic, where Napoleon was exiled {Saint} {Helena}
80%
Caribbean island divided between France and the Netherlands {Saint} {Martin}
76%
Largest island fully within Indonesia Sumatra
74%
Scottish island group north-east of the Orkneys {Shetland} Islands
67%
Large island off eastern Russia, the southern part of which was once controlled by Japan Sakhalin
61%
Archipelago in the South Pacific, part of French Polynesia; French Îles de la Société {Society} Islands
57%
Indonesian island east of Borneo; former name Celebes Sulawesi
54%
Smallest of the four main islands of Japan Shikoku
50%
British overseas territory in the South Atlantic, named after King George III, briefly occupied by Argentine forces in 1982 {South} {Georgia}
50%
Norwegian archipelago between mainland Norway and the North Pole Svalbard
48%
Largest island of Yemen, home to the dragon's blood tree Socotra
41%
Islands in the South China Sea, claimed by China, Taiwan, Vietnam, the Philippines and Malaysia {Spratly} Islands
26%
No matching quizzes found
Score Distribution
Percent of People with Each Score
Percentile by Number Answered
Your Score History
You have not taken this quiz